Estatísticas para Quiz do estado de São Paulo

Clique aqui para jogar o quiz

Estatísticas Gerais

  • Esse quiz foi jogado 264 vezes
    (256 desde o último reset)
  • A pontuação média é 20 de 28

Estatísticas das Respostas

PistaResposta% Correto
Capital e maior cidade da América LatinaSão Paulo
100%
Segunda maior cidadeGuarulhos
95%
Estado que faz divisa ao norteMinas Gerais
95%
Estado que faz divisa ao nordesteRio de Janeiro
93%
Terceira maior cidadeCampinas
92%
Estado que faz divisa ao sulParaná
92%
Estado que faz divisa ao oesteMato Grosso do Sul
89%
Avenida mais famosa da capitalAvenida Paulista
87%
Principal porto do estadoPorto de Santos
87%
Rio que corta o estado e passa pela capitalTietê
86%
Biomas presentes no estado (nomeie qualquer um deles)Mata Atlântica | Cerrado
85%
Governador do estadoJoão Dória
82%
Partido político de todos os governadores eleitos desde 1995PSDB
82%
Clube com mais títulos estaduaisCorinthians
81%
Cidade que abriga um santuário da igreja católicaAparecida do Norte
75%
Famoso museu de arte localizado na avenida acimaMASP
75%
Maior estádio de futebol do estado, com capacidade para 66 mil espectadoresMorumbi
73%
Acordo realizado entre oligarquias da República Velha para que os presidentes da república fossem escolhidos entre os políticos do estado de São Paulo e de Minas GeraisPolítica do {café com leite}
73%
Piloto nascido na capital, considerado um dos melhores de todos os temposAyrton Senna
71%
Importante aeroporto localizado na cidade acimaViracopos
70%
Cidade com a maior altitude do Brasil e uma estância climáticaCampos do Jordão
65%
Cidade mais antiga do Brasil, datada de 1532São Vicente
56%
Porcentagem da população brasileira que vive no estado (número inteiro mais próximo)22
48%
Prato criado na capital, mas que leva o nome de uma cidade do interiorBauru
47%
Controversos sertanistas do periodo colonial que marcam a identidade do estadoBandeirantes
46%
Produto mais exportado pelo estadoAçúcar
36%
Sigla que representa os mártires do Movimento Constitucionalista de 1932MMDC
28%
Rio que marca a divisa com o estado ao sulParanapanema
25%

Distribuição das Pontuações

Percentil de Números Respondidos

Porcentagem de Pessoas com Cada Pontuação

Sua Pontuação Histórica

Você não jogou esse quiz desde o último reset